| 000 | 00742nam a2200181 i 4500 | ||
|---|---|---|---|
| 001 | 26003 | ||
| 003 | ES-MaACL | ||
| 005 | 20250831121727.0 | ||
| 007 | t| | ||
| 008 | 030107s1863 sp ||||1| spa d | ||
| 110 | 2 |
_aAsociación para la Reforma de los Aranceles de Aduanas _91779 |
|
| 245 | 1 | 0 |
_aObservaciones sobre el proyecto de reforma arancelaria presentado a las Cortes el 5 de enero, dirigidas al público por la Asociación para la Reforma de los Aranceles de Aduanas / _cAsociación para la Reforma de los Aranceles de Aduanas. |
| 260 |
_aMadrid : _b[s.n., _c1863] ( _fImp. de Manuel Galiano) |
||
| 300 |
_a24 p. ; _c22 cm. |
||
| 852 |
_aES-MaACL _jFol-Laf-277 |
||
| 852 |
_aES-MaACL _jT-158-F-9 |
||
| 999 |
_c26003 _d26003 |
||